Lyrik wie ein Licht aus der Finsternis
| Titel: | Lyrik wie ein Licht aus der Finsternis : Das Lied der Nehrung gesungen. Vor 95 Jahren wurde Fritz Kudnig in Königsberg geboren |
|---|---|
| Verfasser: | |
| In: |
Das Ostpreußenblatt, Band 34, Heft 25 (1983), Seite 9 alle Artikel anzeigen |
| Veröffentlicht: | 1983 |
| Format: | Aufsatz |
| Sprache: | Deutsch |
X
alg: 39189604 001A $01999:11-11-16 001B $01999:16-05-21 $t20:16:53.000 001C $06050:19-11-16 $t09:17:44.000 001D $01999:11-11-16 001U $0utf8 001X $00 002@ $0Aox 003@ $0391896040 007A $0391896040 $aHEB 007T $0Herd23673 010@ $ager 011@ $a1983 021A $aLyrik wie ein Licht aus der Finsternis $dDas Lied der Nehrung gesungen. Vor 95 Jahren wurde Fritz Kudnig in Königsberg geboren 028A $aSteinberg $dSilke 031A $d34 $e25 $h9 $j1983 039B $aIn $8--Abvc--. Das @Ostpreußenblatt. - Hamburg : Landsmannschaft, 1950-2003. - ISSN 0947-9597 $x198300000340025991 $9047780835 045F $a929.094382 $eDDC23BSB 045F/01 $a929 045F/03 $g4382 045F/03 $g43832 045T $a7,41 $a8,1 lok: 39189604 78 exp: 39189604 78 1 #EPN 201B/01 $001-10-20 $t22:58:36.000 201U/01 $0utf8 203@/01 $0787991643 208@/01 $a11-11-16 $be 209A/01 $a/ $f000 $x00 220C/01 $aTitelaufnehmer: kl 244Z/01 $2Trx $#Prusy Wschodnie i Zachodnie $8--Trx--Ost- und Westpreußen $x01 $939113373X 244Z/01 $#Königsberg Preußen $#Königsberg i. Pr. $#Königsberg Pr. $#Königsberg in Ostpreußen $#Königsberg Ostpreußen $#Königsberg (Pr.) $#Königsberg Pregel $#Stadtgemeinde Königsberg $#Königsbergk $#Kaliningrad $#Karaliánčins $#Krulevec $#Karaláuczuje $#Królewiec $#Karaliaučius $#Regimontanus $#Regiomontium $#Regiomontum $#Regiomontum Borussiae $#Калининград $74031541-1 $8--Tg1--Königsberg $x02 $908508364X 244Z/01 $aGeschichte 1888-1979 $x03 244Z/01 $7116577231 $8--Tp1--Kudnig, Fritz$Z1888-1979 $x04 $9150504373 244Z/01 $2Trx $#kirjanikud $#rašytojai $#writers $#írók $#pisarze $#spisovatelia $#spisovatelé $8--Trx--Schriftsteller $x05 $9391382659 244Z/01 $2Trx $8--Trx--Zeitschriftenaufsatz $x06 $9391384341 245Z/01 $a12.03 $x01 247C/01 $82080>Marburg/Lahn, Herder-Institut, Forschungsbibliothek, Bibliographieportal $9336309341
| LEADER | 00000caa a22000002c 4500 | ||
|---|---|---|---|
| 001 | 391896040 | ||
| 003 | DE-603 | ||
| 005 | 20210516201653.0 | ||
| 007 | tu | ||
| 008 | 161111s1983 xx |||| | u00||u|ger c | ||
| 035 | |a (DE-599)HEB391896040 | ||
| 040 | |a DE-603 |b ger |c DE-603 |d DE-603 | ||
| 041 | |a ger | ||
| 082 | 0 | 4 | |8 1\u |a 929.094382 |q DE-101 |2 23/BSB |
| 084 | |a 7,41 |a 8,1 |2 ssgn | ||
| 085 | |8 1\u |b 929 | ||
| 085 | |8 1\u |z 2 |s 4382 | ||
| 085 | |8 1\u |z 2 |s 43832 | ||
| 100 | 1 | |a Steinberg, Silke | |
| 245 | 0 | 0 | |a Lyrik wie ein Licht aus der Finsternis |b Das Lied der Nehrung gesungen. Vor 95 Jahren wurde Fritz Kudnig in Königsberg geboren |
| 264 | 0 | |c 1983 | |
| 773 | 0 | 8 | |i In |t Das Ostpreußenblatt |d Hamburg : Landsmannschaft, 1950-2003 |x 0947-9597 |g Band 34, Heft 25 (1983), Seite 9 |w (DE-603)047780835 |w (DE-600)529299-2 |
| 924 | 0 | |9 2080 |a (DE-603)787991643 |b DE-2080 |c HES |d d |g / | |


